000 01560nam0a2200349 4500
001 RU\NLR\bibl\375714
005 20250630111233.0
010 _a5-902104-03-3
_bВ пер.
_950000
021 _aRU
_b2003-3696
_9170
035 _a(NLR Aleph) 000370185
090 _a390709
_c390709
100 _a20030304d2002 |||y0rusy50 ca
101 0 _arus
102 _aRU
105 _aac |||||||||
200 1 _aВневедомственная охрана Министерства внутренних дел Российской Федерации
_eПосвящ. 50-летию вневедомств. охраны [1952-2002
_fПод общ. ред. В. А. Казюлина]
210 _aМ.
_cВитязь-Братишка
_d2002
215 _a415 с.
_cцв. ил., портр.
_d30
601 0 1 _aРоссийская Федерация
_bМинистерство внутренних дел
_bГлавное управление вневедомственной охраны
_2psbo
606 0 _aВневедомственная охрана
_xИстория
_yРоссийская Федерация
_92280216
_3RU\NLR\auth\661366194
610 0 _aВоенизированная охрана
675 _a351.74(470)(091)<1952/2000>
_v3
_zrus
686 _a10.17
_2rugasnti
686 _a67.401.213
_2rubbk
686 _aХ621.163.04
702 1 _aКазюлин
_bВ. А.
_gВладимир А.
_4340
801 0 _aRU
_bRKP
_c20030304
_gPSBO
801 1 _aRU
_bRKP
_c20030304
801 2 _aRU
_bNLR
_c20030324
_grcr
942 _cBOOK
980 _aNB